Ryan Gosling - Sudden Death - Statistics

General Stats
  • This quiz has been taken 502 times
  • The average score is 9 of 16
Answers on the Grid
Answers color-coded by a green-red scale on the quiz's grid according to % correct below.
Minority Report
Blue Valentine
The Place Beyond the Pines
How to lose a guy in 10 days
The Notebook
Half Nelson
Blade Runner 2049
Barbie
Alien Resurrection
Jurassic World
Armageddon
The Believer
La La Land
Definitely Maybe
Safe House
The Ides of March
Moulin Rouge
The Other Guys
Drive
The Fall Guy
The Proposal
Crazy, Stupid, Love
The Italian Job
6 Underground
First Man
The Nice Guys
The Wedding Singer
The Gray Man
The Help
The Big Short
 
Answer Stats
Answer % Correct
La La Land
92%
Barbie
91%
The Notebook
85%
Blade Runner 2049
82%
The Fall Guy
65%
Drive
64%
Crazy, Stupid, Love
60%
The Place Beyond the Pines
57%
The Nice Guys
55%
Blue Valentine
54%
The Big Short
49%
The Gray Man
46%
First Man
34%
Half Nelson
34%
The Ides of March
30%
The Believer
18%
No matching quizzes found
Score Distribution
Percent of People with Each Score
Percentile by Number Answered
Your Score History
You have not taken this quiz